01852nam a2200349 i 4500003000900000005001700009008004100026017001300067040004600080041000800126082002600134092000700160099003400167100005400201245014900255264006700404300003100471336002200502337002400524338003300548504010800581546009600689650006900785651001000854856005700864905000700921942001900928999001700947952017900964952017901143952018001322EG-GICUC20260121101538.0251225s2014 ua ||||fr||| 0||| ||ara|d a20142888 a EG-GICUCbarac EG-GICUCd EG-GICUCerda0 aara04221a345.5bم ح . ق04221 aLaw1 07 345.5 م ح . ق 20140 aمحمد محمد عبداللطيفeمؤلف.12aالقانون الادارى للاموال.nالكتاب الثاني،pالاشغال العامة /cمحمد محمد عبداللطيف. 1aالقاهرة : bدار النهضة العربية،c2014. a513 صفحة ؛ c24 سم. 2rda contentatext 2rda mediaaComputer 2rda carrieraOnline Resource aيحتوي على ارجاعات ببليوجرافية يحتوي على قائمة بالمراجع aالنص أغلبه باللغة العربية مع بعض النصوص الفرنسية14aالأموال عامة xالقانون الاداري2qrmak1 2qrmak40uhttps://fll.law.cu.edu.eg/fulltext/bks/B07-01842.pdf a75 2ddccBKe21n0 c52515d52515 00102ddc3V240718القانون الإداريaCUbLAW1d2025-12-25l0oLaw1 07 345.5 م ح . ق 2014 0701842 V2, C1pB07-01842r2025-12-25 11:10:00t1w2025-12-25yBK 00102ddc3V240708القانون الإداريaCUbLAW1d2025-12-25l0oLaw1 07 345.5 م ح . ق 2014 0701843 V2, C2pB07-01843r2025-12-25 11:10:00t2w2025-12-25yBK 00102ddc3V240708القانون الإداريaCUbLAW2d2026-04-02l0oLaw2 07 345.5 م ح . ق 2014 0702387 V2 , C3pB07-02387r2026-04-02 20:31:36t3w2026-04-02yBK